<?xml version="1.0" encoding="UTF-8"?><?xml-stylesheet type="text/xsl" href="static/style.xsl"?><OAI-PMH xmlns="http://www.openarchives.org/OAI/2.0/" xmlns:xsi="http://www.w3.org/2001/XMLSchema-instance" xsi:schemaLocation="http://www.openarchives.org/OAI/2.0/ http://www.openarchives.org/OAI/2.0/OAI-PMH.xsd"><responseDate>2026-05-12T06:50:43Z</responseDate><request verb="GetRecord" identifier="oai:riubu.ubu.es:10259/5079" metadataPrefix="marc">https://riubu.ubu.es/oai/request</request><GetRecord><record><header><identifier>oai:riubu.ubu.es:10259/5079</identifier><datestamp>2022-04-20T12:32:55Z</datestamp><setSpec>com_10259_4244</setSpec><setSpec>com_10259_5086</setSpec><setSpec>com_10259_2604</setSpec><setSpec>col_10259_4569</setSpec></header><metadata><record xmlns="http://www.loc.gov/MARC21/slim" xmlns:doc="http://www.lyncode.com/xoai" xmlns:xsi="http://www.w3.org/2001/XMLSchema-instance" xmlns:dcterms="http://purl.org/dc/terms/" xsi:schemaLocation="http://www.loc.gov/MARC21/slim http://www.loc.gov/standards/marcxml/schema/MARC21slim.xsd">
<leader>00925njm 22002777a 4500</leader>
<datafield tag="042" ind1=" " ind2=" ">
<subfield code="a">dc</subfield>
</datafield>
<datafield tag="720" ind1=" " ind2=" ">
<subfield code="a">Illera Gigante, Alba Ester</subfield>
<subfield code="e">author</subfield>
</datafield>
<datafield tag="720" ind1=" " ind2=" ">
<subfield code="a">Sanz Díez, Mª Teresa</subfield>
<subfield code="e">author</subfield>
</datafield>
<datafield tag="720" ind1=" " ind2=" ">
<subfield code="a">Beltrán Calvo, Sagrario</subfield>
<subfield code="e">author</subfield>
</datafield>
<datafield tag="720" ind1=" " ind2=" ">
<subfield code="a">Benito Román, Oscar</subfield>
<subfield code="e">author</subfield>
</datafield>
<datafield tag="720" ind1=" " ind2=" ">
<subfield code="a">Melgosa Gómez, Rodrigo</subfield>
<subfield code="e">author</subfield>
</datafield>
<datafield tag="720" ind1=" " ind2=" ">
<subfield code="a">Apetrei, C.</subfield>
<subfield code="e">author</subfield>
</datafield>
<datafield tag="260" ind1=" " ind2=" ">
<subfield code="c">2018</subfield>
</datafield>
<datafield tag="520" ind1=" " ind2=" ">
<subfield code="a">Este trabajo se centra en la aplicación de la tecnología no térmica HPCD (High Pressure Carbon&#xd;
Dioxide), basada en el empleo del dióxido de carbono a alta presión, generalmente inferior a 50 MPa,&#xd;
para la conservación de alimentos. Se ha estudiado específicamente su aplicación en el proceso de&#xd;
pasteurización de zumos con pH ácido como el de naranja1, manzana2 y tomate. Para ello se han&#xd;
determinado las cinéticas de inactivación de diferentes enzimas como polifenoloxidasa (PPO),&#xd;
responsable del pardeamiento enzimático y pectinmetilesterasa (PME), que junto con&#xd;
poligalacturonasa (PG) juegan un papel importante en la viscosidad de los zumos.&#xd;
El grado de inactivación enzimática encontrado depende tanto de la fuente de la enzima, como de las&#xd;
condiciones de procesado, tiempo, presión y temperatura. Así, en el caso del zumo de manzana se&#xd;
consiguieron actividades residuales en torno a 10 % para la PPO, mientras que para la PME fueron&#xd;
en torno a 65 % en las mismas condiciones de procesado, 60 min, 45ºC y 20 MPa. En este caso, la&#xd;
estructura más compleja de la PME, con tres subunidades frente a una de la PPO, la hace más&#xd;
resistente al tratamiento.&#xd;
Otra de las variables importantes en el tratamiento mediante HPCD es la relación CO2:volumen&#xd;
tratado. Se realizaron estudios con diversas enzimas comerciales (PPO y PME), encontrando que&#xd;
relaciones superiores a 3 g CO2:mL no conllevan un mayor grado de inactivación, pudiendo así&#xd;
optimizar el proceso desde un punto de vista económico. Estudios de espectroscopía de fluorescencia&#xd;
en estas enzimas comerciales tratadas mediante HPCD correlacionaron cambios en la estructura&#xd;
terciaria de la enzima con la pérdida de actividad enzimática de la mismas a diferentes condiciones&#xd;
de presión y temperatura.</subfield>
</datafield>
<datafield tag="024" ind2=" " ind1="8">
<subfield code="a">http://hdl.handle.net/10259/5079</subfield>
</datafield>
<datafield ind1=" " ind2=" " tag="653">
<subfield code="a">inactivación de enzimas</subfield>
</datafield>
<datafield ind1=" " ind2=" " tag="653">
<subfield code="a">zumos</subfield>
</datafield>
<datafield ind1=" " ind2=" " tag="653">
<subfield code="a">cinética de inactivación</subfield>
</datafield>
<datafield ind1=" " ind2=" " tag="653">
<subfield code="a">HPCD</subfield>
</datafield>
<datafield tag="245" ind1="0" ind2="0">
<subfield code="a">HPCD as non-thermal technology for fruit juices preservation</subfield>
</datafield>
</record></metadata></record></GetRecord></OAI-PMH>